000 00681nam a2200241Ia 4500
003 OSt
005 20220923213149.0
006 a|||||r|||| 00| 0
007 ta
008 220922b |||||||| |||| 00| 0 hin d
024 _a159,408
037 _cTextual
040 _aARTS
_cARTS
_bhin
041 _2hin
_ahin
082 _aO152,3:g, J2
100 _aमोहनलाल
_9156280
245 0 _aकहानी और कहानीकार
246 _aKahānī aur kahānīkāra
260 _c1952
650 _aहिन्दी साहित्य
_9156264
942 _hO152,3:g, J2
_cTEXL
_2CC
999 _c314155
_d314155